|
|
|
|
| LEADER |
00000nam0a2200000 4500 |
| 001 |
145926 |
| 005 |
20231031144412.0 |
| 029 |
1 |
0 |
|a RU
|b 50-581-85
|c РД
|
| 035 |
|
|
|a (RuTPU)RU\TPU\book\158178
|
| 035 |
|
|
|a RU\TPU\book\158173
|
| 090 |
|
|
|a 145926
|
| 100 |
|
|
|a 20081023d1986 k y0rusy50 ca
|
| 101 |
0 |
|
|a rus
|
| 102 |
|
|
|a RU
|
| 105 |
|
|
|a a l 000zy
|
| 200 |
1 |
|
|a Надежность в технике. Технологические системы. Обработка на надежность
|a Методические указания. РД 50-581-85
|f СССР, Государственный комитет по стандартам (Госстандарт)
|
| 210 |
|
|
|a Москва
|c Издательство стандартов
|d 1986
|
| 215 |
|
|
|a 50 с.
|
| 225 |
1 |
|
|a Руководящий документ
|
| 229 |
|
|
|a Утверждены и введены в действие Постановлением Государственного комитета СССР по стандартам от 13 декабря 1985 г. № 3956
|
| 610 |
1 |
|
|a руководящие документы
|
| 610 |
1 |
|
|a РД
|
| 610 |
1 |
|
|a надежность
|
| 610 |
1 |
|
|a техника
|
| 610 |
1 |
|
|a технологические системы
|
| 610 |
1 |
|
|a обработка
|
| 675 |
|
|
|a 62(083)
|v 3
|
| 712 |
0 |
1 |
|a СССР
|b Государственный комитет по стандартам (Госстандарт)
|c (1978-1989)
|2 stltpush
|3 (RuTPU)RU\TPU\col\12454
|
| 801 |
|
1 |
|a RU
|b 63413507
|c 20021122
|g PSBO
|
| 801 |
|
2 |
|a RU
|b 63413507
|c 20221207
|g PSBO
|
| 942 |
|
|
|c BK
|